Environmental analysis : analytical chemistry by open learning /

Uloženo v:
Podrobná bibliografie
Hlavní autor: Reeve, Roger N.
Médium: Sách giấy
Jazyk:English
Vydáno: Chichester : John Wiley&Sons , 1994
Tagy: Přidat tag
Žádné tagy, Buďte první, kdo otaguje tento záznam!
Thư viện lưu trữ: Thư viện Trường Đại học Đà Lạt
LEADER 00591nam a2200241 4500
001 DLU020017741
005 ##4/23/2001
020 # # |a 978- 
041 # # |a eng 
082 # # |a 543  |b RE-R 
100 # # |a Reeve, Roger N. 
245 # # |a Environmental analysis :  |b analytical chemistry by open learning /  |c Roger N. Reeve 
260 # # |a Chichester :  |b John Wiley&Sons ,  |c 1994 
300 # # |a 263 tr., XX;   |c 23 cm. 
992 # # |a 830841 
994 # # |a DLU 
900 # # |a False 
911 # # |a Administrator 
925 # # |a G 
926 # # |a A 
927 # # |a SH 
980 # # |a Thư viện Trường Đại học Đà Lạt